| 000 | 00437cam a22001337a 4500 | ||
|---|---|---|---|
| 008 | 180718b1979 xxu||||| |||| 00| 0 eng d | ||
| 082 | _aB135x5461 M315 | ||
| 100 | _aMann, R.S. | ||
| 245 |
_aSocial structure, social change and future trends: Indian village perspective _cby R.S. Mann |
||
| 260 |
_aJaipur _bRawat _c1979 |
||
| 300 | _a264p. | ||
| 650 | _aSociology, Rural - India - Delhi. | ||
| 650 | _aCommunity life, Rural - India - Delhi | ||
| 999 |
_c349894 _d349894 |
||